La crisis del Estado en la Edad Posmoderna

Saved in:
Bibliografiske detaljer
Hovedforfatter: Carpintero Benítez, Francisco (autor)
Format: Bog
Sprog:spansk
Udgivet: Pamplona Arazandi 2012
Udgivelse:1a. ed
Fag:
Tags: Tilføj Tag
Ingen Tags, Vær først til at tagge denne postø!

MARC

LEADER 00000cam a2200000 a 4500
001 UCE4320
003 CL-VaPUC
008 141016e20120000sp |||||||||||||||||spa|d
020 |a 9788499030920 
082 0 4 |a 320.1  |b CAR  |2 21 
100 |a Carpintero Benítez, Francisco  |e autor  |9 599377 
245 1 3 |a La crisis del Estado en la Edad Posmoderna 
250 |a 1a. ed 
300 |a 306 p 
942 |c BK 
945 |d 20141016 12:02:00  |a arojas 
260 |a Pamplona  |b Arazandi  |c 2012 
650 0 |a Estado de derecho  |9 257795 
650 0 |a Edad moderna  |9 350383 
650 7 |a CRISIS DEL ESTADO  |2 CL-VaPUC  |9 576893 
650 0 |a Derecho español  |9 255291 
583 |a last modification  |c 20141016 12:02:00  |k Rodrigo Vera 
999 |c 357323  |d 357321 
952 |0 0  |1 0  |3 erb  |4 0  |6 320_100000000000000_CAR_2012  |7 0  |8 A  |9 465206  |a BIBDER  |b BIBDER  |i 5119502  |l 1  |o 320.1 CAR 2012  |p 5119502  |r 2023-09-11  |s 2023-09-11  |w 2019-11-23  |y BK  |z Catalogado en:20141016  |k DER